Lakes by State Quiz - Statistics

General Stats
  • This quiz has been taken 16 times
  • The average score is 10 of 50
Answer Stats
Lake State % Correct
Great Salt Lake Utah
93%
Lake Pontchartrain Louisiana
79%
Yellowstone Lake Wyoming
79%
Lake Okeechobee Florida
64%
Buckeye Lake Ohio
57%
Lake of the Ozarks Missouri
50%
Oneida Lake New York
43%
Washoe Lake Nevada
36%
Upper Klamath Lake Oregon
36%
Salton Sea California
29%
Lake Sakakawea North Dakota
29%
Lake Waiau Hawaii
21%
Lake Cumberland Kentucky
21%
Mille Lacs Lake Minnesota
21%
Lake Wallenpaupack Pennsylvania
21%
Smith Mountain Lake Virginia
21%
Lake Winnebago Wisconsin
21%
Lake Guntersville Alabama
14%
Iliamna Lake Alaska
14%
Upper Lake Mary Arizona
14%
Lake Ouachita Arkansas
14%
Lake Lanier Georgia
14%
Mississinewa Lake Indiana
14%
Rathbun Lake Iowa
14%
Moosehead Lake Maine
14%
Deep Creek Lake Maryland
14%
Elephant Butte Lake New Mexico
14%
Eufaula Lake Oklahoma
14%
Lake Granby Colorado
7%
Lake Quassapaug Connecticut
7%
Lake Comegys Delaware
7%
Lake Pend Oreille Idaho
7%
Rend Lake Illinois
7%
Melvern Lake Kansas
7%
Lake Chaubunagungamaug Massachusetts
7%
Mullett Lake Michigan
7%
Grenada Lake Mississippi
7%
Fort Peck Lake Montana
7%
Lake McConaughy Nebraska
7%
Lake Winnipesaukee New Hampshire
7%
Pompton Lake New Jersey
7%
Lake Mattamuskeet North Carolina
7%
Lake Mishnock Rhode Island
7%
Lake Moultrie South Carolina
7%
Lake Francis Case South Dakota
7%
Watts Bar Lake Tennessee
7%
Lake Livingston Texas
7%
Lake Bomoseen Vermont
7%
Franklin D. Roosevelt Lake Washington
7%
Tygart Lake West Virginia
7%
No matching quizzes found
Score Distribution
Percent of People with Each Score
Percentile by Number Answered
Your Score History
You have not taken this quiz